Central Library OPAC University of Rajshahi

World trade and its future / (Record no. 43258)

MARC details
000 -LEADER
fixed length control field 00838nam a2200265 a 4500
001 - CONTROL NUMBER
control field 43258
003 - CONTROL NUMBER IDENTIFIER
rucl marc code BD-RjUL
005 - DATE AND TIME OF LATEST TRANSACTION
control field 20211209053654.0
008 - FIXED-LENGTH DATA ELEMENTS--GENERAL INFORMATION
fixed length control field 160620s1936 enk 000 0 eng
035 ## - SYSTEM CONTROL NUMBER
System control number (BD-RjUL)43376
040 ## - CATALOGING SOURCE
Original cataloging agency DLC
Transcribing agency IQU
Modifying agency OCL
-- BD-RjUL
Language of cataloging eng
041 ## - LANGUAGE CODE
Language code of text/sound track or separate title eng
082 ## - DEWEY DECIMAL CLASSIFICATION NUMBER
Classification number 382
Author mark and year SAW 1936
100 1# - MAIN ENTRY--PERSONAL NAME
Personal name Salter, Arthur,
Dates associated with a name 1881-1975.
9 (RLIN) 132876
245 10 - TITLE STATEMENT
Title World trade and its future /
Statement of responsibility, etc. by Sir Arthur Salter.
260 ## - PUBLICATION, DISTRIBUTION, ETC. (IMPRINT)
Place of publication, distribution, etc. Philadelphia :
Name of publisher, distributor, etc. Univ. of Pennsylvania press,
Date of publication, distribution, etc. 1936.
300 ## - PHYSICAL DESCRIPTION
Pagination 101 p. ;
Size 21 cm.
490 1# - SERIES STATEMENT
Series statement The William J. Cooper foundation lectures, 1936, Swarthmore college
650 #0 - SUBJECT ADDED ENTRY--TOPICAL TERM
Topical term or geographic name as entry element Commerce.
9 (RLIN) 132877
Topical term or geographic name as entry element Commercial policy.
9 (RLIN) 131081
Topical term or geographic name as entry element Economic history.
9 (RLIN) 132878
830 #0 - SERIES ADDED ENTRY--UNIFORM TITLE
Uniform title William J. Cooper Foundation lectures.
942 ## - ADDED ENTRY ELEMENTS (KOHA)
Source of classification or shelving scheme Dewey Decimal Classification
Koha item type Books
Holdings
Lost status Source of classification or shelving scheme Damaged status Not for loan Collection code Permanent Location Current Location Shelving location Date acquired Total Checkouts Full call number Date last seen Copy number Koha item type
  Dewey Decimal Classification     Non-fiction Central Library, University of Rajshahi Central Library, University of Rajshahi   20/06/2016   382 SAW 1936 20/06/2016 C-2 Books